zpět

Detail výsledku týmu

BB69, Hradec Králové

Datum a čas kvízu

37.5 Celkem bodů Celkový počet nahraných bodů na tomto kvízu bez doplňovacích otázek.
1. Pořadí na kvízu Konečné umístění týmu na tomto kvízu.

Zaznamenané odpovědi

# Otázka Odpověď Body Výsledky
1. Bývalá pražská primátorka Adri... C) detektivní román 1
2. Princ Harry a jeho manželka Me... megxit 1
3. Ve věku 86 let zemřel filmový... Ivan Passer 0
4. Skupina Kofola oznámila po krá... (F. H.) Prager 1
5. Ve čtvrtek začalo mistrovství... o házené (mužů) 0
6. Rožnovský tým Kačeři vyhrál mo... Dave Gahan 0
7. Která skladba "Depešáků" je ne... Enjoy the Silence 0
8. Podle čeho si tato kapela vybr... B) podle časopisu 0
9. Gary Numan, Ultravox, Devo...... synthpop 0
10. Depešáci ovlivnili řadu hudebn... Shalom 0